Movies Quiz

Random Movies or Actor Quiz

Actor by Movie Quote II Quiz Stats

 Plays Quiz Updated Jan 11, 2019

Score 0/28 Timer 06:00
1 Play Today
Quote Actor % Correct
'To infinity, and beyond!'Tim Allen
74.7%
'Yo, Adrian!'Sylvester Stallone
72.4%
'Yippee-ki-yay, mother****er.'Bruce Willis
70.2%
'Mrs. Robinson, you're trying to seduce me... Aren't you?'Dustin Hoffman
64.5%
'Greed, for lack of a better word, is good.'Michael Douglas
51.3%
'MA! THE MEATLOAF!'Will Ferrell
50.8%
'Carpe diem. Seize the day, boys. Make your lives extraordinary.'Robin Williams
50.8%
'Get off my plane!'Harrison Ford
49.8%
'Check out the big brain on Brett!'Samuel L. Jackson
49.5%
'Wanna know how I got these scars?'Heath Ledger
48.7%
'You had me at 'hello.''Renée Zellweger
48.4%
'You know the difference between you and me? I make this look good.'Will Smith
47%
'Life moves pretty fast. If you don't stop and look around once in a while, you could miss it.'Matthew Broderick
45.9%
'Frankly, my dear, I don't give a damn.'Clark Gable
45.7%
Quote Actor % Correct
'I am serious... and don't call me Shirley.'Leslie Nielsen
45.6%
'I drink your milkshake! I drink it up!'Daniel Day-Lewis
39.3%
'I am Jack's raging bile duct.'Edward Norton
35.9%
'A boy's best friend is his mother.'Anthony Perkins
31.2%
'We came. We saw. We kicked its ass.'Bill Murray
25.1%
'Neo...nobody has ever done this before.'Carrie-Anne Moss
23%
'Face it girls, I'm older and I have more insurance.'Kathy Bates
21.8%
'Lumbergh's gonna have me come in on Saturday, I just know it.'Ron Livingston
17.9%
'Love means never having to say you're sorry.'Ali MacGraw
16.3%
'Fasten your seatbelts. It's going to be a bumpy night.'Bette Davis
14.5%
'I am not an animal! I am a human being. I am a man.'John Hurt
13.2%
'Hoke, you're my best friend.'Jessica Tandy
8.1%
'You don't *really* mean you'll kill me, do you?' Henry Fonda
4.2%
'Did IQs just drop sharply while I was away?'Sigourney Weaver
4.2%

You're not logged in!

Compare scores with friends on all Sporcle quizzes.
OR
Log In

You Might Also Like...

Show Comments

Extras

Top Quizzes Today


Score Distribution

Your Account Isn't Verified!

In order to create a playlist on Sporcle, you need to verify the email address you used during registration. Go to your Sporcle Settings to finish the process.

Report this User

Report this user for behavior that violates our Community Guidelines.

Details: